00714nam a22002057a 4500003000500000005001700005008004100022010001000063011001000073035001000083040000900093100003000102245011300132260004100245300001000286502009800296650003200394650004300426650003900469CHAP20250613133228.0000522d1999 mx r 00110 spa d a81222 a82194 a92681 cCHAP00aLeyva de la Cruz, Edibel.10aInducción floral en piña (Ananas comosus L. Merr) en Huimanguillo, Tabascoc/por Edibel Leyva de la Cruz aChapingo, Méx. :bEl autor,c1999. a86 h. aTesis (Ing. Agr. Esp. en Zonas Tropicales) -- UACH. Centro Regional Universitario del Sureste14aAcido cloroetilfosfonico 2.17aPiña (Ananas comosus)xFloración217aPiña (Ananas comosus)zTabasco2